Presidentes do Brasil - Statistics

Estatísticas Gerais
  • Esse quiz foi jogado 530 vezes
    529 desde o último reset
  • A pontuação média é 27 de 43
Estatísticas das Respostas
Período Presidente % Correto
2019 - 2023 Jair Bolsonaro
90%
1889 - 1891 Deodoro da Fonseca
87%
2016 - 2019 Michel Temer
85%
1930 - 1945 Getúlio Vargas
84%
1951 - 1954 Getúlio Vargas
84%
2011 - 2016 Dilma Rousseff
83%
1990 - 1992 Fernando Collor
82%
1995 - 2003 Fernando Henrique Cardoso
81%
2003 - 2011 Luiz Inácio Lula da Silva
81%
2023 - Atualidade Luiz Inácio Lula da Silva
81%
1926 - 1930 Washington Luís
77%
1891 - 1894 Floriano Peixoto
76%
1992 - 1995 Itamar Franco
74%
1964 - 1967 Humberto Castelo Branco
73%
1961 - 1964 João Goulart
73%
1961 - 1961 (1°) Jânio Quadros
72%
1985 - 1990 José Sarney
72%
1967 - 1969 Arthur da Costa e Silva
69%
1956 - 1961 Juscelino Kubitschek
66%
1969 - 1974 Emílio Garrastazu Médici
65%
1979 - 1985 João Figueiredo
65%
1985 - não assumiu Tancredo Neves
65%
1954 - 1955 Café Filho
60%
1974 - 1979 Ernesto Geisel
60%
1894 - 1898 Prudente de Morais
59%
1910 - 1914 Hermes da Fonseca
58%
1946 - 1951 Eurico Gaspar Dutra
57%
1909 - 1910 Nilo Peçanha
55%
1906 - 1909 Afonso Pena
52%
1898 - 1902 Campos Sales
52%
1902 - 1906 Rodrigues Alves
49%
1930 - não assumiu Júlio Prestes
47%
1961 - 1961 (2°) Ranieri Mazzilli
46%
1964 - 1964 Ranieri Mazzilli
46%
1914 - 1918 Venceslau Brás
44%
1922 - 1926 Artur Bernardes
43%
1918 - não assumiu Rodrigues Alves
42%
1919 - 1922 Epitácio Pessoa
41%
1955 - 1955 Carlos Luz
39%
1955 - 1956 Nereu Ramos
38%
1918 - 1919 Delfim Moreira
37%
1945 - 1946 José Linhares
32%
1969 - não assumiu Pedro Aleixo
24%
Nenhum quiz correspondente encontrado
Distribuição das Pontuações
Porcentagem de Pessoas com Cada Pontuação
Percentil de Números Respondidos
Sua Pontuação Histórica
Você não jogou esse quiz desde o último reset